German Signs: Sudden Death - Statistics

General Stats
  • This quiz has been taken 15 times
  • The average score is 7 of 10
Answers on the Grid
Answers color-coded by a green-red scale on the quiz's grid according to % correct below.
 
Answer Stats
Answer % Correct
91%
82%
73%
73%
73%
64%
64%
64%
64%
55%
No matching quizzes found
Score Distribution
Percent of People with Each Score
Percentile by Number Answered
Your Score History
You have not taken this quiz